00964nam a2200217 a 450000100100000000500170001000800410002702000150006804000250008304100380010808200180014610000160016424000860018024501600026626000540042630000390048053400940051950000720061365000190068570000420070400002369920200930022410.0101220s2000 cu a r 000 0 spa d a9597078163 aDO-SdBNPbspacBNPHU17aspaheng2Código de idioma MARC a972.91bH474q1 aHelg, Aline10aOur rightful share : the Afro-Cuban struggle for equality, 1886-1912.lEspañol.10aLo que nos corresponde :bla lucha de los negras y mulatos por la igualda en Cuba, 1886-1912 /cAline Helg ; traducción, José Antonio Tabares del Real. aLa Habana, Cuba :bImagen Contemporánea,c2000. axi, 371 p. :bil. retrs. ;c23 cm. aTítulo original.tOur rightful share : the Afro-Cuban struggle for equality, 1886-1912. aIncluye referencia bibliográficas y notas al pie de las páginas 4aCubaxHistoria1 aTabares del Real, José Antonioetr.